Statistics for Single Ladies (Put a Ring on It) - Beyoncé (All Lyrics)

Click here to take the quiz!

General Stats

  • This quiz has been taken 1,566 times
    (1,565 since last reset)
  • The average score is 350 of 448

Answer Stats

Answer% Correct
a
100%
I
100%
the
99%
you
99%
You
99%
put
98%
on
97%
it.
95%
it,
95%
it
95%
ring
95%
ladies,
94%
ladies.
94%
single
94%
All
93%
all
93%
like
93%
if
92%
If
92%
up
92%
up,
92%
Up
92%
up.
92%
your
91%
Your
91%
in
89%
should
89%
no
87%
No
87%
hands
86%
my
83%
have
82%
then
82%
club,
81%
me
81%
me.
81%
Don't
80%
don't,
80%
be
78%
now
77%
Now
77%
to
77%
I'm
76%
at
75%
he
74%
thing.
74%
own
72%
doing
70%
just
70%
not
70%
that
70%
attention.
69%
and
68%
And
68%
him
66%
him,
66%
liked
66%
want.
66%
want
66%
any
62%
of
62%
what
62%
What
62%
'Cause
61%
little
61%
mad
61%
girl.
59%
pay
59%
love
55%
gon'
54%
is
51%
kind
51%
man
51%
can
50%
decided
50%
dip
49%
got
49%
Got
49%
see
49%
trip.
49%
broke
48%
world.
44%
can't
43%
deserve.
43%
had
41%
wanna
41%
another
40%
brother
40%
need
40%
did
39%
for
39%
noticed
39%
hips.
38%
learn.
38%
really
38%
turn,
38%
beyond.
37%
I'll
37%
miss
36%
one
36%
think.
36%
care
35%
gone.
35%
lips,
35%
treat
34%
infinity
33%
mention?
33%
Say
33%
cup.
32%
ghost
32%
good
32%
less
32%
drink
31%
feels
31%
jeans.
31%
tears
31%
years.
31%
Acting
30%
but
30%
than
30%
three
30%
arms.
29%
takes
29%
alone.
28%
cried
28%
permission,
28%
prefer,
28%
gloss
27%
into
27%
you'll
26%
destiny,
25%
once
25%
delivers
24%
things
24%
makes
23%
Pull
19%
tighter
19%
these
18%
Dereon
17%
Here's
11%

Score Distribution

Percentile by Number Answered

Percent of People with Each Score

Your Score History

You have not taken this quiz since the last reset